000 00859nam a2200241Ia 4500
003 OSt
005 20220923222141.0
006 a|||||r|||| 00| 0
007 ta
008 220922b |||||||| |||| 00| 0 hin d
024 _a203,408
037 _cTextual
040 _aARTS
_cARTS
_bhin
041 _2hin
_ahin
082 _aO157,3N12,39, 152L5
100 _aमिश्र, विमल; चौधरी, योगेन्द्र, अनु.
_9166132
245 0 _aआखिरी पन्ने पर देखिए
246 _aĀkhirī panne par dekhie
260 _aदिल्ली
_b राधाकृष्ण
_c1978
300 _a198पृ.
_ccm.
942 _hO157,3N12,39, 152L5
_cTEXL
_2CC
999 _c354160
_d354160